MARC details
| 000 -LEADER |
| fixed length control field |
02499nam a22003617a 4500 |
| 001 - CONTROL NUMBER |
| control field |
102062 |
| 003 - CONTROL NUMBER IDENTIFIER |
| control field |
KnowledgeUnlatched |
| 005 - DATE AND TIME OF LATEST TRANSACTION |
| control field |
20210303105135.0 |
| 006 - FIXED-LENGTH DATA ELEMENTS--ADDITIONAL MATERIAL CHARACTERISTICS |
| fixed length control field |
m o d |
| 007 - PHYSICAL DESCRIPTION FIXED FIELD--GENERAL INFORMATION |
| fixed length control field |
cr u|||||||||| |
| 008 - FIXED-LENGTH DATA ELEMENTS--GENERAL INFORMATION |
| fixed length control field |
210129p20162019xx o u00| u eng d |
| 037 ## - SOURCE OF ACQUISITION |
| Institution to which field applies |
BiblioBoard |
| 020 ## - INTERNATIONAL STANDARD BOOK NUMBER |
| International Standard Book Number |
9789027266330 |
| 029 1# - OTHER SYSTEM CONTROL NUMBER (OCLC) |
| OCLC library identifier |
https://library.biblioboard.com/ext/api/media/0c99a937-abe4-4f6f-bd23-38ab3117c2de/assets/thumbnail.jpg |
| 040 ## - CATALOGING SOURCE |
| Original cataloging agency |
ScCtBLL |
| Transcribing agency |
ScCtBLL |
| 245 02 - TITLE STATEMENT |
| Title |
A Gender-based Approach to Parliamentary Discourse |
| Remainder of title |
The Andalusian Parliament / |
| Statement of responsibility, etc. |
Gloria Álvarez-Benito, Catalina Fuentes-Rodríguez. |
| 264 #1 - PRODUCTION, PUBLICATION, DISTRIBUTION, MANUFACTURE, AND COPYRIGHT NOTICE |
| Name of producer, publisher, distributor, manufacturer |
John Benjamins Publishing Company, |
| 300 ## - PHYSICAL DESCRIPTION |
| Extent |
1 online resource (232 p.) |
| 506 0# - RESTRICTIONS ON ACCESS NOTE |
| Terms governing access |
Access copy available to the general public. |
| Standardized terminology for access restriction |
Unrestricted |
| Source of term |
star |
| 520 ## - SUMMARY, ETC. |
| Summary, etc. |
Does gender condition politicians' discourse strategies in parliament? This is the question we try to answer in A Gender-based Approach to Parliamentary Discourse: The Andalusian Parliament. This book, written by experts in the field of discourse analysis, covers key aspects of political discourse such as gender, identity and verbal and nonverbal strategies: intensification, enumerative series, non-literal quotations, pseudo-desemantisation, lexical colloquialisation, emotion, eye contact and time management. It provides a large number of examples from a balanced gender parliament, the Andalusian Parliament, and it focuses mainly on argumentation, since parliamentary discourse is above all argumentative. This book will prove invaluable to students and teachers in the field of discourse analysis, and more specifically of political discourse, and will also be very useful to politicians and anyone interested in communication strategies. |
| 588 0# - SOURCE OF DESCRIPTION NOTE |
| Source of description note |
Description based on print version record. |
| 590 ## - LOCAL NOTE (RLIN) |
| Local note |
KU Select 2018: HSS Backlist Books |
| 650 #7 - SUBJECT ADDED ENTRY--TOPICAL TERM |
| Topical term or geographic name entry element |
Language Arts & Disciplines / Linguistics |
| Source of heading or term |
bisacsh |
| 650 #0 - SUBJECT ADDED ENTRY--TOPICAL TERM |
| Topical term or geographic name entry element |
Language arts |
| 655 #0 - INDEX TERM--GENRE/FORM |
| Genre/form data or focus term |
Electronic books. |
| 700 1# - ADDED ENTRY--PERSONAL NAME |
| Personal name |
Álvarez-Benito, Gloria |
| Relator term |
editor. |
| 700 1# - ADDED ENTRY--PERSONAL NAME |
| Personal name |
Fuentes-Rodríguez, Catalina |
| Relator term |
editor. |
| 758 ## - |
| -- |
Is found in: |
| -- |
Knowledge Unlatched |
| -- |
https://openresearchlibrary.org/module/2774bc74-146a-484f-a7ba-ab1d6a09bbfb |
| 856 40 - ELECTRONIC LOCATION AND ACCESS |
| Uniform Resource Identifier |
<a href="https://openresearchlibrary.org/content/0c99a937-abe4-4f6f-bd23-38ab3117c2de">https://openresearchlibrary.org/content/0c99a937-abe4-4f6f-bd23-38ab3117c2de</a> |
| Public note |
View this content on Open Research Library. |
| -- |
0 |